People With Names Ending in A - Statistics

General Stats
  • This quiz has been taken 26 times
  • The average score is 12 of 18
Answer Stats
Life Hint Person % Correct
1958– Queen of Pop, material girl Madonna
100%
1918–2013 South African anti-apartheid leader Mandela
96%
1977– Colombian singer of “Hips Don’t Lie” Shakira
96%
406–453 Hun ruler who terrorized the Roman Empire Attila
88%
5th–4th century BC Born as Siddhartha Gautama Buddha
88%
1919–1952 Nickname of the wife of Juan Perón Evita
88%
1988– Barbadian singer and Fenty founder Rihanna
88%
69–30 BC Last active ruler of Ptolemaic Egypt Cleopatra
81%
1961– Irish singer of “Orinoco Flow (Sail Away)” Enya
81%
1856–1943 Inventor known for alternating current Tesla
73%
1975– Australian singer known for “Chandelier” Sia
58%
1987– American singer of “Tik Tok” and "Timber" Kesha
50%
1996– Euphoria and Spider-Man actress Zendaya
50%
1787–1828 Founder of the Zulu Kingdom Shaka
42%
1997– Pakistani education activist and Nobel laureate Malala
35%
1971–1995 Tejano singer known as the “Queen of Cumbia” Selena
31%
1969–2016 Female wrestler billed as the Ninth Wonder of the World Chyna
19%
1980– Sang “The Boy Is Mine” with Brandy Monica
19%
No matching quizzes found
Score Distribution
Percent of People with Each Score
Percentile by Number Answered
Your Score History
You have not taken this quiz